[Event "European Senior Team Championship 2014"]
[Site "Sibenik"]
[Date "2014.04.08"]
[Round "8.10"]
[White "Powell, Lloyd"]
[Black "Titz, Heimo"]
[Result "1/2-1/2"]
[WhiteElo "2132"]
[BlackElo "2151"]
[PlyCount "75"]
[EventDate "2014.04.01"]

1. d4 Nf6 2. c4 e6 3. g3 c5 4. d5 exd5 5. cxd5 d6 6. Nc3 g6 7. Bg2 Bg7 8. Nf3
O-O 9. O-O a6 10. a4 Nbd7 11. Bf4 Qe7 12. Re1 Ng4 13. Qd2 Rb8 14. h3 Nge5 15.
Bh6 Re8 16. Bxg7 Kxg7 17. b3 b5 18. axb5 axb5 19. Ra7 Nxf3+ 20. Bxf3 b4 21. Ne4
Rb7 22. Ra6 Rb6 23. Qb2+ f6 24. Ra7 Rb7 25. Ra6 Ne5 26. Rxd6 Bxh3 27. Rxf6
Nxf3+ 28. exf3 Qe5 29. Qxe5 Rxe5 30. Rc6 Rxd5 31. Nxc5 Rf7 32. f4 Bf5 33. Ne6+
Bxe6 34. Rcxe6 Rd3 35. R1e3 Rfd7 36. Rb6 R3d4 37. Kg2 Rc7 38. Rb8 1/2-1/2

[Event "European Senior Team Championship 2014"]
[Site "Sibenik"]
[Date "2014.04.08"]
[Round "8.10"]
[White "Singer, Hans"]
[Black "Miles, Richard"]
[Result "1-0"]
[WhiteElo "2166"]
[BlackElo "2065"]
[PlyCount "139"]
[EventDate "2014.04.01"]

1. d4 Nf6 2. Nf3 g6 3. c4 Bg7 4. Nc3 O-O 5. e4 d6 6. Be2 e5 7. O-O Nc6 8. d5
Ne7 9. Nd2 Nd7 10. b4 f5 11. Nb3 Nf6 12. f3 c6 13. dxc6 bxc6 14. Bg5 Be6 15.
Kh1 h6 16. Bh4 Kh7 17. Qc2 Qc7 18. Rad1 Rad8 19. Rd2 d5 20. Nc5 Bg8 21. cxd5
cxd5 22. exd5 Nexd5 23. Nxd5 Rxd5 24. Rfd1 Rfd8 25. Rxd5 Rxd5 26. Rc1 Rd4 27.
Be1 Nd7 28. Nxd7 Qxd7 29. a3 h5 30. Bc3 Rd6 31. Kg1 Qc7 32. Be1 Qd7 33. Kf1 Bh6
34. Rd1 Rxd1 35. Qxd1 Qc7 36. Qd3 Be6 37. Qc3 Qd6 38. Bf2 a6 39. Qc5 Qxc5 40.
Bxc5 Bc8 41. Bc4 Bc1 42. a4 Kg7 43. Ke2 Kf6 44. Kd3 Bb7 45. Kc3 e4 46. fxe4
fxe4 47. g3 Kf5 48. Be2 Bg5 49. a5 Ke5 50. Bc4 h4 51. gxh4 Bxh4 52. Kd2 Bg5+
53. Ke2 Bf4 54. h3 Bg5 55. Be3 Be7 56. b5 axb5 57. Bxb5 Bb4 58. a6 Ba8 59. Kf2
Be7 60. Kg3 Kd5 61. Be8 Bc5 62. Bxc5 Kxc5 63. Bxg6 Kd4 64. Kf2 Bd5 65. a7 e3+
66. Ke1 Ke5 67. h4 Bf3 68. Bh5 Be4 69. Bg4 Kf4 70. h5 1-0

[Event "European Senior Team Championship 2014"]
[Site "Sibenik"]
[Date "2014.04.08"]
[Round "8.11"]
[White "Watzka, Horst"]
[Black "Jones, Iolo C"]
[Result "1/2-1/2"]
[WhiteElo "2250"]
[BlackElo "2185"]
[PlyCount "31"]
[EventDate "2014.04.01"]

1. e4 e5 2. Nf3 Nf6 3. d4 Nxe4 4. dxe5 d5 5. Nbd2 Nxd2 6. Bxd2 Nc6 7. Bf4 a6 8.
c3 Be7 9. Bd3 Bg4 10. h3 Bh5 11. g4 Bg6 12. Qc2 Bxd3 13. Qxd3 Qd7 14. O-O-O h5
15. e6 Qxe6 16. Rhe1 1/2-1/2

[Event "European Senior Team Championship 2014"]
[Site "Sibenik"]
[Date "2014.04.08"]
[Round "8.11"]
[White "Van Kemenade, Rudy"]
[Black "Nickl, Klaus"]
[Result "1/2-1/2"]
[WhiteElo "2001"]
[BlackElo "2139"]
[PlyCount "43"]
[EventDate "2014.04.01"]

1. e4 d6 2. d4 Nf6 3. Nc3 Nbd7 4. g3 e5 5. Nge2 c6 6. a4 Be7 7. Bg2 O-O 8. h3
a5 9. O-O b6 10. Be3 Ba6 11. Qd2 Qc7 12. Rad1 b5 13. b3 b4 14. Nb1 c5 15. dxe5
dxe5 16. c4 Bb7 17. Qc2 Ne8 18. Nd2 Ra6 19. f4 f6 20. Nf3 Nd6 21. Nd2 Nf7 22.
f5 1/2-1/2

[Event "European Senior Team Championship 2014"]
[Site "Sibenik"]
[Date "2014.04.08"]
[Round "8.11"]
[White "Kratschmer, Heinz"]
[Black "Thornton, John D"]
[Result "1/2-1/2"]
[WhiteElo "2114"]
[BlackElo "2020"]
[PlyCount "51"]
[EventDate "2014.04.01"]

1. d4 f5 2. Nc3 Nf6 3. f3 d5 4. e4 fxe4 5. fxe4 dxe4 6. Bg5 Bf5 7. Bc4 Nc6 8.
d5 Ne5 9. Qd4 Nf7 10. Be3 a6 11. Nge2 Nd6 12. Ng3 g6 13. Bb3 Bg7 14. O-O-O O-O
15. Qd2 b5 16. Nxf5 gxf5 17. Bh6 Rf7 18. h3 Qf8 19. Bg5 Nd7 20. Ne2 Ne5 21. Nd4
Nec4 22. Qf4 h6 23. Bh4 Be5 24. Qf2 Qg7 25. c3 Bxd4 26. Rxd4 1/2-1/2

[Event "European Senior Team Championship 2014"]
[Site "Sibenik"]
[Date "2014.04.08"]
[Round "8.11"]
[White "Bevan, P.M."]
[Black "Pitzl, Konstantinos"]
[Result "1-0"]
[WhiteElo "2086"]
[BlackElo "2060"]
[PlyCount "133"]
[EventDate "2014.04.01"]

1. c4 Nf6 2. g3 g6 3. Bg2 Bg7 4. Nc3 O-O 5. d3 d6 6. e4 Nbd7 7. Nge2 e5 8. O-O
a5 9. h3 Nc5 10. Be3 c6 11. Qd2 Qc7 12. f4 Nfd7 13. f5 f6 14. h4 Rf7 15. g4 Nf8
16. Ng3 b6 17. Rf2 Ra7 18. Raf1 Qd8 19. d4 exd4 20. Bxd4 Ncd7 21. g5 Qe7 22.
fxg6 hxg6 23. gxf6 Bxf6 24. Bxf6 Nxf6 25. Qg5 N8h7 26. Qe3 Qe5 27. Rf4 Qc5 28.
Qxc5 bxc5 29. Rd1 Ne8 30. Nge2 Be6 31. b3 a4 32. Rxf7 Kxf7 33. e5 axb3 34. axb3
dxe5 35. Bxc6 Nhf6 36. Na4 Bd7 37. Bxd7 Nxd7 38. Nec3 Ke6 39. Nb5 Ra5 40. Kg2
Nef6 41. Kf3 Ke7 42. Rg1 Kf7 43. Nd6+ Ke6 44. Nb7 Ra8 45. Nbxc5+ Nxc5 46. Nxc5+
Kf7 47. Ne4 Ra3 48. Rb1 Nh5 49. Nd6+ Ke6 50. Nb5 Ra2 51. Nc3 Rh2 52. Ne4 Rxh4
53. Ng5+ Kf5 54. Rg1 Nf6 55. Ke2 e4 56. c5 Ng4 57. Nf7 Rh2+ 58. Ke1 Kf4 59. Nd6
Rb2 60. Rf1+ Kg3 61. Nxe4+ Kg2 62. Nd2 Rc2 63. Rf4 Kg3 64. Rc4 Ra2 65. c6 Ra8
66. c7 Rc8 67. Ne4+ 1-0

[Event "European Senior Team Championship 2014"]
[Site "Sibenik"]
[Date "2014.04.08"]
[Round "8.12"]
[White "Habershon, Paul F"]
[Black "Roth, Peter"]
[Result "1-0"]
[WhiteElo "2069"]
[BlackElo "2176"]
[PlyCount "107"]
[EventDate "2014.04.01"]

1. e4 c5 2. Nc3 a6 3. g3 b5 4. Bg2 Bb7 5. Nh3 e6 6. O-O Nc6 7. d3 Qc7 8. f4
O-O-O 9. Ng5 Nh6 10. Be3 f6 11. Nh3 f5 12. Nf2 Nd4 13. Ne2 Nxe2+ 14. Qxe2 d5
15. a4 b4 16. c3 b3 17. e5 Nf7 18. a5 Be7 19. Qd1 d4 20. cxd4 Bxg2 21. Kxg2
Qb7+ 22. Qf3 Qxf3+ 23. Kxf3 cxd4 24. Bd2 Rd7 25. Rfc1+ Rc7 26. Rxc7+ Kxc7 27.
Rc1+ Kb7 28. Rc4 Rc8 29. Rxd4 Bc5 30. Rd7+ Rc7 31. Rxc7+ Kxc7 32. Be3 Bb4 33.
Bb6+ Kc6 34. d4 Kb5 35. Nd3 Bxa5 36. Bxa5 Kxa5 37. Nc5 Nd8 38. Ke3 Kb4 39.
Nxa6+ Kc4 40. Nc5 Kd5 41. Nxb3 Nc6 42. Kd3 Nb4+ 43. Kc3 Nc6 44. Nd2 Nxd4 45. b4
h6 46. Nf1 Nb5+ 47. Kd3 Kc6 48. Ne3 Nc7 49. Kc4 Nb5 50. Nc2 Nc7 51. Nd4+ Kb6
52. h3 g6 53. h4 h5 54. b5 1-0

[Event "European Senior Team Championship 2014"]
[Site "Sibenik"]
[Date "2014.04.08"]
[Round "8.12"]
[White "Dueckstein, Andreas"]
[Black "Wood, Peter R"]
[Result "1-0"]
[WhiteElo "2188"]
[BlackElo "1951"]
[PlyCount "115"]
[EventDate "2014.04.01"]

1. e4 e6 2. d4 d5 3. e5 c5 4. c3 Nc6 5. Nf3 Nh6 6. Bd3 cxd4 7. cxd4 f6 8. O-O
Nf7 9. Re1 Be7 10. exf6 Bxf6 11. Nc3 O-O 12. Bf4 g6 13. Bc2 Bd7 14. Ne5 Nfxe5
15. dxe5 Bg7 16. Qd2 Qa5 17. Bg3 Rac8 18. Rad1 a6 19. a3 b5 20. Bb3 Rfe8 21. f4
Kh8 22. Bf2 Qc7 23. Rc1 Qb7 24. Ne2 Ne7 25. Nd4 Rxc1 26. Rxc1 Rc8 27. Bd1 Rxc1
28. Qxc1 Qc8 29. Qxc8+ Bxc8 30. Nb3 Kg8 31. Bc5 Kf7 32. Kf2 Nc6 33. Ke3 Bh6 34.
g3 g5 35. Bh5+ Kg7 36. Kf3 Bd7 37. Bd6 gxf4 38. gxf4 Kg8 39. Nc5 Nd4+ 40. Kg3
Bc8 41. Bg4 Kf7 42. Nd3 Kg6 43. Bc5 Nf5+ 44. Kf2 Bg7 45. Nc1 Nh6 46. Bh3 Nf5
47. Ne2 Bh6 48. Kf3 Bg7 49. Ng3 Nxg3 50. hxg3 h5 51. Bf1 Bd7 52. Bd3+ Kf7 53.
Kg2 Bf8 54. Bxf8 Kxf8 55. Kf3 Kg7 56. Ke3 Kf7 57. Kd4 Ke7 58. Kc5 1-0

[Event "European Senior Team Championship 2014"]
[Site "Sibenik"]
[Date "2014.04.08"]
[Round "8.12"]
[White "Phillips, William"]
[Black "Titz, Herbert"]
[Result "0-1"]
[WhiteElo "1939"]
[BlackElo "1995"]
[PlyCount "112"]
[EventDate "2014.04.01"]

1. e4 e5 2. Nf3 d6 3. Bc4 Be7 4. d4 exd4 5. Nxd4 Nf6 6. Nc3 O-O 7. f3 Nc6 8.
Be3 Nxd4 9. Bxd4 Be6 10. Bxe6 fxe6 11. Qe2 Ne8 12. O-O-O Qc8 13. h4 a6 14. Be3
Bf6 15. g4 c5 16. Bd2 b5 17. Rdf1 Qc6 18. f4 b4 19. Nb1 Qa4 20. Qc4 Nc7 21. g5
Be7 22. f5 d5 23. exd5 exd5 24. Qf4 Qd7 25. f6 gxf6 26. gxf6 Rxf6 27. Rhg1+ Kh8
28. Qe5 Qd6 29. Qxd6 Rxf1+ 30. Rxf1 Bxd6 31. c3 a5 32. Bg5 Kg7 33. Kc2 Rf8 34.
Rxf8 Kxf8 35. cxb4 cxb4 36. a3 Kf7 37. axb4 axb4 38. Kb3 Ne6 39. Be3 h5 40. Nd2
Kf6 41. Nf3 Kf5 42. Nd4+ Nxd4+ 43. Bxd4 Ke4 44. Bf6 d4 45. Kc2 d3+ 46. Kd2 Bf4+
47. Kd1 b3 48. Bc3 Bg3 49. Bf6 Be5 50. Bxe5 Kxe5 51. Kd2 Ke4 52. Kd1 Kf3 53.
Kd2 Kg4 54. Kxd3 Kxh4 55. Kc3 Kg3 56. Kxb3 h4 0-1

[Event "European Senior Team Championship 2014"]
[Site "Sibenik"]
[Date "2014.04.08"]
[Round "8.12"]
[White "Newrkla, Alexander"]
[Black "Scowen, Roger S"]
[Result "0-1"]
[WhiteElo "1956"]
[BlackElo "1883"]
[PlyCount "128"]
[EventDate "2014.04.01"]

1. e4 c6 2. d4 d5 3. exd5 cxd5 4. c4 Nf6 5. Nc3 e6 6. Nf3 Be7 7. cxd5 exd5 8.
Bd3 Bg4 9. O-O O-O 10. Be3 Nc6 11. Re1 Re8 12. h3 Bh5 13. Be2 Qa5 14. Ne5 Bxe2
15. Rxe2 Bb4 16. Nxc6 bxc6 17. Rc2 Rac8 18. Bd2 c5 19. a3 Bxc3 20. Bxc3 Qa6 21.
dxc5 Rxc5 22. Rd2 Ne4 23. Rxd5 Nxc3 24. bxc3 Rxc3 25. Rd8 Qc6 26. Qd4 Rc1+ 27.
Rxc1 Qxc1+ 28. Qd1 Qxd1+ 29. Rxd1 g6 30. Rd7 Ra8 31. f4 Kg7 32. Kf2 a5 33. Rd5
a4 34. Rd4 Ra5 35. g4 Kf6 36. Rb4 h5 37. Ke3 h4 38. Kd4 Ra8 39. Rb6+ Kg7 40.
Rd6 Rb8 41. Kc4 Rb3 42. Rd3 Rb1 43. g5 Rf1 44. Rd4 Rf3 45. Kb4 Rxh3 46. Kxa4
Rf3 47. f5 Rxf5 48. Rxh4 Rxg5 49. Kb4 Rg1 50. a4 g5 51. Rh2 Rb1+ 52. Kc5 Ra1
53. Kb5 g4 54. a5 f5 55. Rg2 Kg6 56. a6 Kg5 57. Kb6 f4 58. Rc2 Rxa6+ 59. Kxa6
g3 60. Rc8 f3 61. Kb5 f2 62. Rf8 g2 63. Rxf2 g1=Q 64. Rc2 Qb1+ 0-1

[Event "European Senior Team Championship 2014"]
[Site "Sibenik"]
[Date "2014.04.08"]
[Round "8.13"]
[White "Hallerod, Ralph"]
[Black "Kristiansen, Erling"]
[Result "1/2-1/2"]
[WhiteElo "2086"]
[BlackElo "2189"]
[PlyCount "63"]
[EventDate "2014.04.01"]

1. d4 Nf6 2. c4 g6 3. Nc3 d5 4. Bf4 Bg7 5. Qb3 c6 6. e3 O-O 7. Nf3 dxc4 8. Bxc4
b5 9. Be2 Be6 10. Qc2 Na6 11. a3 Rc8 12. O-O Nc7 13. Bxc7 Rxc7 14. Rac1 a6 15.
Rfd1 Qc8 16. b4 Ne8 17. Nd2 Bf5 18. Bd3 Bxd3 19. Qxd3 e5 20. dxe5 Bxe5 21. Nf3
Bg7 22. Ne4 Nf6 23. Nc5 Re8 24. e4 Bf8 25. Qd4 Bxc5 26. Qxf6 Be7 27. Qf4 c5 28.
Ne5 Rf8 29. bxc5 Bxc5 30. Ng4 Bd6 31. Nf6+ Kg7 32. Nh5+ 1/2-1/2

[Event "European Senior Team Championship 2014"]
[Site "Sibenik"]
[Date "2014.04.08"]
[Round "8.13"]
[White "Dahl, Ivar M"]
[Black "Carlsson, Ingvar"]
[Result "1/2-1/2"]
[WhiteElo "2170"]
[BlackElo "2064"]
[PlyCount "61"]
[EventDate "2014.04.01"]

1. Nf3 f5 2. b3 d6 3. Bb2 e5 4. d4 e4 5. Nfd2 Nf6 6. e3 g6 7. c4 Bg7 8. Nc3 O-O
9. Be2 c5 10. d5 Qe7 11. Qc2 a6 12. O-O-O b5 13. cxb5 axb5 14. Bxb5 Ba6 15. a4
Bxb5 16. axb5 Nbd7 17. Nc4 Ng4 18. f4 exf3 19. gxf3 Nxe3 20. Rde1 f4 21. Qe4
Ne5 22. Nxe3 fxe3 23. Qxe3 Qh4 24. Kb1 Rxf3 25. Qe4 Qxe4+ 26. Nxe4 Nd3 27. Bxg7
Nxe1 28. Bc3 Nd3 29. Nxd6 Rd8 30. Ne4 Rxd5 31. Nf6+ 1/2-1/2

[Event "European Senior Team Championship 2014"]
[Site "Sibenik"]
[Date "2014.04.08"]
[Round "8.13"]
[White "Gromark, Per-Olof"]
[Black "Mundal, Arnold"]
[Result "1/2-1/2"]
[WhiteElo "2046"]
[BlackElo "1937"]
[PlyCount "56"]
[EventDate "2014.04.01"]

1. Nf3 Nf6 2. c4 c5 3. g3 e6 4. Bg2 d5 5. O-O Nc6 6. b3 d4 7. e3 e5 8. exd4
exd4 9. d3 Be7 10. Bf4 O-O 11. Ne5 Nxe5 12. Bxe5 Bd6 13. Re1 Bxe5 14. Rxe5 Qc7
15. Qe1 Bd7 16. Na3 a6 17. Nc2 Rae8 18. Rxe8 Rxe8 19. Qd2 Bc6 20. Re1 Rxe1+ 21.
Nxe1 b6 22. Bxc6 Qxc6 23. Qf4 h5 24. Nf3 Qe8 25. Kf1 Nd7 26. Qf5 g6 27. Qd5 a5
28. h4 Qe6 1/2-1/2

[Event "European Senior Team Championship 2014"]
[Site "Sibenik"]
[Date "2014.04.08"]
[Round "8.13"]
[White "Lerstad, Bjorn"]
[Black "Ekelund, Kurt"]
[Result "1/2-1/2"]
[WhiteElo "1914"]
[BlackElo "2040"]
[PlyCount "29"]
[EventDate "2014.04.01"]

1. e4 d6 2. d4 Nf6 3. Nc3 g6 4. Be3 c6 5. f3 Nbd7 6. Qd2 Qc7 7. Nh3 b5 8. Nf2
a6 9. Be2 Bg7 10. O-O O-O 11. Ncd1 c5 12. c3 Bb7 13. Bh6 Rac8 14. Bxg7 Kxg7 15.
Ne3 1/2-1/2

[Event "European Senior Team Championship 2014"]
[Site "Sibenik"]
[Date "2014.04.08"]
[Round "8.14"]
[White "Carlsten, Peter"]
[Black "Kauko, Pekka"]
[Result "1/2-1/2"]
[WhiteElo "2039"]
[BlackElo "2013"]
[PlyCount "27"]
[EventDate "2014.04.01"]

1. e4 Nc6 2. Nc3 e5 3. Nf3 a6 4. d4 exd4 5. Nxd4 Qf6 6. Nxc6 dxc6 7. Be3 Bd6 8.
Qd2 Bg4 9. f3 Bh5 10. O-O-O h6 11. h4 O-O-O 12. g4 Bg6 13. f4 Bb4 14. Qxd8+
1/2-1/2

[Event "European Senior Team Championship 2014"]
[Site "Sibenik"]
[Date "2014.04.08"]
[Round "8.14"]
[White "Alkkiomaki, Jyrki"]
[Black "Andersson, Sven-Olof"]
[Result "1/2-1/2"]
[WhiteElo "1957"]
[BlackElo "2012"]
[PlyCount "44"]
[EventDate "2014.04.01"]

1. e4 c5 2. Nf3 e6 3. d4 cxd4 4. Nxd4 a6 5. Nc3 Qc7 6. Bd3 b5 7. O-O Bb7 8. Re1
d6 9. f4 b4 10. Nce2 Nf6 11. Ng3 h5 12. h3 h4 13. Nf1 Nc6 14. Nf3 d5 15. e5 Ne4
16. Bxe4 dxe4 17. Ng5 Rd8 18. Qg4 Nd4 19. Ne3 Bc5 20. Kh1 Nf5 21. Nxf5 exf5 22.
Qxf5 Bc8 1/2-1/2

[Event "European Senior Team Championship 2014"]
[Site "Sibenik"]
[Date "2014.04.08"]
[Round "8.14"]
[White "Gustavsson, Sture"]
[Black "Rantanen, Veikko"]
[Result "0-1"]
[WhiteElo "2005"]
[BlackElo "1927"]
[PlyCount "104"]
[EventDate "2014.04.01"]

1. d4 Nf6 2. Nf3 g6 3. Nc3 d5 4. Bf4 Bg7 5. e3 c6 6. Be2 Nbd7 7. Ne5 Nxe5 8.
Bxe5 O-O 9. h4 h5 10. f3 Nd7 11. Bxg7 Kxg7 12. Qd2 b5 13. O-O-O a5 14. g4 Nf6
15. Rdg1 Rh8 16. gxh5 Nxh5 17. f4 Bf5 18. Bd3 e6 19. e4 dxe4 20. Bxe4 b4 21.
Bxf5 bxc3 22. Qxc3 exf5 23. Qxc6 Qxd4 24. Rd1 Qxf4+ 25. Kb1 Rhc8 26. Qb5 Qe4
27. Rh2 Rd8 28. Rc1 Rdb8 29. Qc5 Rc8 30. Qb5 a4 31. a3 Rab8 32. Qa5 f4 33. Ka1
Re8 34. c4 Qe5 35. Qxa4 Ra8 36. Qb3 Ng3 37. Qc3 Ne4 38. Qf3 Nc5 39. h5 Qe3 40.
Rc3 Qxf3 41. Rxf3 g5 42. b4 Ne6 43. c5 g4 44. Rc3 Nd4 45. Rd3 Re4 46. h6+ Kh7
47. Rhd2 Rd8 48. Kb2 g3 49. b5 f3 50. Rxf3 Nxf3 51. Rxd8 g2 52. Rd1 Re1 0-1

[Event "European Senior Team Championship 2014"]
[Site "Sibenik"]
[Date "2014.04.08"]
[Round "8.14"]
[White "Ranki, Martti"]
[Black "Svensson, Soren"]
[Result "1/2-1/2"]
[WhiteElo "1918"]
[BlackElo "1998"]
[PlyCount "55"]
[EventDate "2014.04.01"]

1. Nf3 d5 2. g3 c5 3. c4 d4 4. d3 Nc6 5. Bg2 e5 6. O-O Be7 7. a3 a5 8. Nbd2 Nf6
9. Ng5 O-O 10. Rb1 Nd7 11. Ngf3 f5 12. Re1 Nf6 13. Qc2 Kh8 14. Nf1 e4 15. N3d2
Ng4 16. dxe4 fxe4 17. Nxe4 Bf5 18. f3 Nge5 19. Rd1 Qe8 20. b3 d3 21. exd3 Nd4
22. Qf2 Bxe4 23. dxe4 Nexf3+ 24. Bxf3 Nxf3+ 25. Kh1 Qh5 26. Bf4 Rad8 27. Rxd8
Rxd8 28. Kg2 1/2-1/2

[Event "European Senior Team Championship 2014"]
[Site "Sibenik"]
[Date "2014.04.08"]
[Round "8.15"]
[White "Vinke, Dietmar"]
[Black "Just, Joachim"]
[Result "1/2-1/2"]
[WhiteElo "2173"]
[BlackElo "1982"]
[PlyCount "31"]
[EventDate "2014.04.01"]

1. Nf3 d5 2. c4 c6 3. b3 Nf6 4. Bb2 g6 5. g3 Bg7 6. Bg2 O-O 7. O-O a5 8. d3
Nbd7 9. Qc2 Re8 10. e4 dxe4 11. dxe4 e5 12. a3 Qc7 13. Nbd2 b6 14. b4 axb4 15.
axb4 Bb7 16. Rxa8 1/2-1/2

[Event "European Senior Team Championship 2014"]
[Site "Sibenik"]
[Date "2014.04.08"]
[Round "8.15"]
[White "Swoboda, Peter"]
[Black "Mottonen, Ari"]
[Result "0-1"]
[WhiteElo "2011"]
[BlackElo "1996"]
[PlyCount "76"]
[EventDate "2014.04.01"]

1. d4 Nf6 2. c4 e6 3. Nc3 Bb4 4. e3 O-O 5. Nge2 d5 6. a3 Be7 7. Ng3 b6 8. cxd5
exd5 9. Bd3 Re8 10. O-O Bb7 11. b3 Nc6 12. Bb2 Bf8 13. Rc1 a6 14. Re1 Ne7 15.
Nce2 Nc8 16. Bb1 Nd6 17. Qd3 g6 18. Rc2 Rc8 19. f3 Nb5 20. a4 Na3 21. Bxa3 Bxa3
22. Nf1 Bf8 23. Neg3 h5 24. Nh1 c5 25. Rec1 cxd4 26. Rxc8 Bxc8 27. exd4 Qd6 28.
Qd1 Bh6 29. Rc2 Bd7 30. Re2 Bg7 31. Rxe8+ Nxe8 32. Nhg3 Nc7 33. Ne2 Qb4 34. Ne3
b5 35. Bc2 Bh6 36. Kf2 Qe7 37. Qd3 Qh4+ 38. Kg1 Bxe3+ 0-1

[Event "European Senior Team Championship 2014"]
[Site "Sibenik"]
[Date "2014.04.08"]
[Round "8.15"]
[White "Auvinen, Esa"]
[Black "Reinemann, Guenter"]
[Result "1-0"]
[WhiteElo "1988"]
[BlackElo "1980"]
[PlyCount "77"]
[EventDate "2014.04.01"]

1. e4 e6 2. d4 d5 3. Nc3 dxe4 4. Nxe4 Nd7 5. Nf3 Ngf6 6. Nxf6+ Nxf6 7. Bd3 c5
8. O-O cxd4 9. Nxd4 Bc5 10. Be3 Be7 11. Qf3 O-O 12. Rad1 Qa5 13. a3 a6 14. Rfe1
Re8 15. Nb3 Qa4 16. Nc5 Qg4 17. Be2 Qh4 18. Nxb7 e5 19. Nd6 Bg4 20. Qg3 Qxg3
21. hxg3 Reb8 22. b4 Be6 23. Bf3 Bxd6 24. Bxa8 Be7 25. Bc6 Bc4 26. Bc1 e4 27.
Bxe4 h6 28. Bd3 Be6 29. Bxa6 Bf8 30. c4 g5 31. c5 Nd5 32. Bb2 Kh7 33. Be5 Ra8
34. Bb7 Rd8 35. c6 Re8 36. c7 f6 37. Bxd5 Bxd5 38. Rxd5 Be7 39. Bxf6 1-0

[Event "European Senior Team Championship 2014"]
[Site "Sibenik"]
[Date "2014.04.08"]
[Round "8.16"]
[White "Lahti, Jouko"]
[Black "Grahn, Lars"]
[Result "0-1"]
[WhiteElo "2046"]
[BlackElo "2000"]
[PlyCount "58"]
[EventDate "2014.04.01"]

1. e4 Nf6 2. Nc3 e5 3. f4 d5 4. fxe5 Nxe4 5. Nf3 Bg4 6. d3 Nxc3 7. bxc3 Be7 8.
Be2 O-O 9. O-O c5 10. d4 Nc6 11. Rb1 b6 12. Be3 cxd4 13. cxd4 Rc8 14. Ba6 Rc7
15. Qe1 Bf5 16. Qg3 Bxc2 17. Rb2 Nb4 18. Be2 Bg6 19. Ng5 Nc2 20. Bf4 Nxd4 21.
Bd1 Ne6 22. Nxe6 fxe6 23. Bg4 Bf5 24. Bxf5 Rxf5 25. Be3 Rxf1+ 26. Kxf1 Bc5 27.
Rf2 Bxe3 28. Qxe3 Rf7 29. Rxf7 Kxf7 0-1

[Event "European Senior Team Championship 2014"]
[Site "Sibenik"]
[Date "2014.04.08"]
[Round "8.16"]
[White "Leukkunen, Raimo"]
[Black "Sandklef, Ake"]
[Result "1-0"]
[WhiteElo "1881"]
[BlackElo "1948"]
[PlyCount "87"]
[EventDate "2014.04.01"]

1. f4 Nf6 2. Nf3 g6 3. e3 Bg7 4. Be2 b6 5. O-O O-O 6. d3 Bb7 7. Nbd2 d6 8. Qe1
c5 9. e4 Nc6 10. c3 Rc8 11. Ng5 e6 12. Qh4 h6 13. Nh3 Nd7 14. Qg3 d5 15. Bf3
Ne7 16. e5 Ba6 17. Be2 Nf5 18. Qf3 Nb8 19. g4 Ne7 20. Rd1 Nbc6 21. Nf1 Qc7 22.
Ng3 Bb7 23. Nf2 Rfd8 24. a3 a5 25. d4 cxd4 26. cxd4 Na7 27. f5 exf5 28. gxf5
gxf5 29. Nxf5 Nxf5 30. Qxf5 Qd7 31. Qxd7 Rxd7 32. Bg4 Rdc7 33. Bxc8 Bxc8 34.
Be3 Rc6 35. Rac1 Rg6+ 36. Kh1 Bf5 37. Rg1 Re6 38. h3 h5 39. Rg5 Bg6 40. Rg3 Nc6
41. h4 Kh7 42. Nh3 Kg8 43. Nf4 Nd8 44. Nxe6 1-0

[Event "European Senior Team Championship 2014"]
[Site "Sibenik"]
[Date "2014.04.08"]
[Round "8.16"]
[White "Mossiaguine, Arina"]
[Black "Rintakoski, Pentti"]
[Result "0-1"]
[WhiteElo "1359"]
[BlackElo "1824"]
[PlyCount "44"]
[EventDate "2014.04.01"]

1. f4 e6 2. Nf3 d5 3. e3 c5 4. Bb5+ Nc6 5. Bxc6+ bxc6 6. b3 d4 7. c4 dxe3 8. d3
Qf6 9. d4 cxd4 10. Qxd4 Bb4+ 11. Ke2 Qg6 12. Bxe3 Ne7 13. g3 Bb7 14. Nbd2 c5
15. Qb2 Nf5 16. Bf2 Rd8 17. Rhd1 O-O 18. Ne1 Qh5+ 19. Ndf3 Bxe1 20. Rxe1 Qxf3+
21. Kf1 Qg2+ 22. Ke2 Bf3# 0-1

[Event "European Senior Team Championship 2014"]
[Site "Sibenik"]
[Date "2014.04.08"]
[Round "8.17"]
[White "Niebuhr, Gerd"]
[Black "Vehkalahti, Veli"]
[Result "1/2-1/2"]
[WhiteElo "2036"]
[BlackElo "1972"]
[PlyCount "99"]
[EventDate "2014.04.01"]

1. d4 Nf6 2. c4 e6 3. Nf3 d5 4. Nc3 Bb4 5. Bg5 O-O 6. e3 Nbd7 7. Bd3 h6 8. Bh4
c5 9. cxd5 cxd4 10. Nxd4 exd5 11. O-O Bxc3 12. bxc3 Ne5 13. Be2 Ng6 14. Bxf6
Qxf6 15. Qb3 Rd8 16. c4 dxc4 17. Bxc4 Rd6 18. Rad1 Rb6 19. Qc2 Bd7 20. Rb1 Rxb1
21. Rxb1 b6 22. Ba6 Ne5 23. Rc1 Be6 24. Qe4 Rd8 25. f4 Nd7 26. Nxe6 fxe6 27.
Bc4 Nc5 28. Qc6 Kh7 29. Qf3 Rd2 30. Rd1 Qd8 31. Rxd2 Qxd2 32. h3 Qc1+ 33. Bf1
Qb1 34. Qe2 Ne4 35. Qd3 Qb4 36. a3 Qa4 37. Qc4 Qxc4 38. Bxc4 Nc5 39. Kf1 Kg6
40. g4 Kf6 41. Ke2 e5 42. h4 Nd7 43. Bd5 Nf8 44. Kd3 exf4 45. exf4 Ng6 46. g5+
Ke7 47. gxh6 gxh6 48. Ke4 Kf6 49. h5 Ne7 50. Bb3 1/2-1/2

[Event "European Senior Team Championship 2014"]
[Site "Sibenik"]
[Date "2014.04.08"]
[Round "8.17"]
[White "Karppinen, Martti"]
[Black "Juergens, Peter"]
[Result "1/2-1/2"]
[WhiteElo "1880"]
[BlackElo "2035"]
[PlyCount "104"]
[EventDate "2014.04.01"]

1. d4 e6 2. e4 d5 3. e5 c5 4. Bb5+ Bd7 5. Bxd7+ Qxd7 6. c3 Nc6 7. Nf3 Nge7 8.
O-O Ng6 9. Bg5 Be7 10. Bxe7 Qxe7 11. g3 O-O 12. h4 f6 13. h5 Nh8 14. Kg2 fxe5
15. dxe5 Rf5 16. g4 Rf4 17. Kg3 Raf8 18. Nbd2 R4f7 19. Qe2 Rd8 20. Rad1 Rff8
21. Nh4 d4 22. f4 Nf7 23. Ne4 a6 24. Qc4 Rd5 25. g5 b5 26. Qe2 Kh8 27. Ng6+
hxg6 28. hxg6 Nh6 29. Rh1 d3 30. Qh2 Qe8 31. Nf6 Qxg6 32. Nxd5 exd5 33. Qh5 Qf5
34. Rh4 Qe4 35. gxh6 Qe3+ 36. Kg2 Qe4+ 37. Qf3 Qxf3+ 38. Kxf3 Nxe5+ 39. Ke3
Nc4+ 40. Kf2 g5 41. Rg4 gxf4 42. Rh4 Ne5 43. Rh5 Re8 44. Rg5 c4 45. h7 a5 46.
Rdg1 Re7 47. Re1 d2 48. Rd1 Nd3+ 49. Kf3 Re3+ 50. Kg2 Re2+ 51. Kf3 Re3+ 52. Kg2
Re2+ 1/2-1/2

[Event "European Senior Team Championship 2014"]
[Site "Sibenik"]
[Date "2014.04.08"]
[Round "8.17"]
[White "Hellwege, Werner"]
[Black "Patola, Eero"]
[Result "1-0"]
[WhiteElo "2006"]
[BlackElo "1868"]
[PlyCount "111"]
[EventDate "2014.04.01"]

1. d4 f5 2. Nf3 Nf6 3. g3 g6 4. Bg2 Bg7 5. O-O O-O 6. c4 d6 7. Nc3 Qe8 8. d5
Na6 9. Rb1 Bd7 10. b4 h6 11. a3 Rb8 12. Bb2 b5 13. cxb5 Bxb5 14. Nxb5 Qxb5 15.
Nd4 Qd7 16. Qd3 Qc8 17. Nc6 Re8 18. Nxb8 Nxb8 19. Rbc1 Qb7 20. Rc2 Rc8 21. Rd1
Re8 22. h3 Nbd7 23. Rdc1 Rc8 24. Qe3 Bf8 25. Bd4 a6 26. Rc6 Kh7 27. Qc3 Ne8 28.
e4 fxe4 29. Bxe4 Ndf6 30. Bg2 Qb5 31. Qc4 Rb8 32. Rxa6 Qxc4 33. Rxc4 Rb5 34. a4
Rb8 35. b5 Nd7 36. h4 Bg7 37. Bh3 Bxd4 38. Rxd4 Ne5 39. Kg2 g5 40. Bf5+ Kg7 41.
hxg5 hxg5 42. f4 gxf4 43. gxf4 Nf7 44. Ra7 Kf6 45. Bd7 Nh6 46. Bxe8 Rxe8 47.
Rxc7 Nf5 48. Rd3 Ra8 49. Rc4 Rg8+ 50. Kf2 Rh8 51. b6 Rh2+ 52. Ke1 Rb2 53. a5
Nh4 54. Ra4 Kf5 55. a6 Rxb6 56. a7 1-0